| 000 | 00860nam a2200193Ii 4500 | ||
|---|---|---|---|
| 003 | JO-AjNU | ||
| 008 | 230605s9999||||xx |||||||||||||| ||und|| | ||
| 040 |
_aJO-AjNU _bara _erda _cJO-AjNU |
||
| 041 | _aara | ||
| 050 | 1 | 4 | _aPJ6131.M532 1981 |
| 100 | 3 |
_aتاليف الميداني، أحمد بن محمد، م.مشارك الزمخشري، ابن هشام؛ تحقيق لجنة احياء التراث العربي, _eauthor _98706 |
|
| 245 | 0 | 0 | _aكتاب نزهة الطرف في علم الصرف: ويليه الأنموذج في النحو: وفي آخره الإعراب في قواعد الإعراب |
| 264 | 3 | 1 | _aبيروت: دار الافاق الجديدة، 1981 |
| 300 | _a127ص | ||
| 336 |
_atext _btxt _2rdacontent |
||
| 337 |
_aunmediated _bn _2rdamedia |
||
| 338 |
_avolume _bnc _2rdacarrier |
||
| 650 | 4 |
_aعلم الصرف - النحو _98707 |
|
| 999 |
_aA926 _c4494 _d4494 |
||